书目信息 |
| 题名: |
爱因斯坦全集
|
|
| 作者: | Klein , Kox , JurgenRenn , RobertSchulmann 主编 ;刘辽 主译 | |
| 分册: | 第四卷 瑞士时期(1912-1914) | |
| 出版信息: | 长沙 湖南科学技术出版社 2002 |
|
| 页数: | 666页 | |
| 开本: | 26cm | |
| 丛书名: | ||
| 单 册: | ||
| 中图分类: | N52 | |
| 科图分类: | ||
| 主题词: | 自然科学--全集 | |
| 电子资源: | ||
| ISBN: | 7-5357-3652-1 | |
| 000 | 00902nam0 2200265 45 | |
| 001 | 0401061000 | |
| 005 | 20040106141745.9 | |
| 010 | @a7-5357-3652-1@b精装@dCNY128.00 | |
| 100 | @a20040106d2002 km y0chiy0120 ea | |
| 101 | 0 | @achi |
| 105 | @a z 000yy | |
| 200 | 1 | @a爱因斯坦全集@AAi Yin Si Tan Quan Ji@h第四卷@i瑞士时期(1912-1914)@fMartin J.Klein,A.J.Kox,Jurgen Renn,Robert Schulmann主编@FMartin J.Klein,A.J.Kox,Jurgen Renn,Robert Schulmann Zhu Bian@g刘辽主译 |
| 210 | @a长沙@c湖南科学技术出版社@d2002 | |
| 215 | @a666页@d26cm | |
| 517 | @a瑞士时期(1912-1914)@ARui Shi Shi Qi(1912-1914) | |
| 600 | 0 | @a爱因斯坦@x全集 |
| 606 | 0 | @a自然科学@x全集 |
| 690 | @aN52@v4 | |
| 701 | 0 | @aKlein@4主编 |
| 701 | 0 | @aKox@4主编 |
| 701 | 0 | @aJurgenRenn@4主编 |
| 701 | 0 | @aRobertSchulmann@4主编 |
| 702 | 0 | @a刘辽@ALiu Liao@4主译 |
| 801 | @aCN@bTSTC@c20040106 | |
| 905 | @b330885@dN52@e139:4@f1 | |
| 爱因斯坦全集.第四卷.瑞士时期(1912-1914)/Martin J.Klein,A.J.Kox,Jurgen Renn,Robert Schulmann主编/刘辽主译.-长沙:湖南科学技术出版社,2002 |
| 666页;26cm |
| ISBN 7-5357-3652-1(精装):CNY128.00 |
| ● |
| 相关链接 |
|
|
|
|
正题名:爱因斯坦全集
索取号:N52/139:4
 
预约/预借
| 序号 | 登录号 | 条形码 | 馆藏地/架位号 | 状态 | 备注 |
| 1 | 0330885 | 203308857 | 第二样本阅览室/ [索取号:N52/139:4] | 在馆 |